UM Logo

Delineating The Heats Islands in Digos City: A Factor in Urban Development. (Record no. 6364)

MARC details
000 -LEADER
fixed length control field 00617nam a22001577a 4500
008 - FIXED-LENGTH DATA ELEMENTS--GENERAL INFORMATION
fixed length control field 170308b xxu||||| |||| 00| 0 eng d
082 ## - DEWEY DECIMAL CLASSIFICATION NUMBER
Edition number 2016
Classification number UT 0721
Item number D88
100 ## - MAIN ENTRY--PERSONAL NAME
9 (RLIN) 19138
Personal name Dullin, Adelaine Marie V.
245 ## - TITLE STATEMENT
Title Delineating The Heats Islands in Digos City: A Factor in Urban Development.
Statement of responsibility, etc. Adelaine Marie V. Dullin, Lowella G. Dumaguit and Daylyn G. Yting.
300 ## - PHYSICAL DESCRIPTION
Extent 63 pages;
Other physical details 28 cm.
650 #0 - SUBJECT ADDED ENTRY--TOPICAL TERM
9 (RLIN) 19139
Topical term or geographic name as entry element Education
Form subdivision Biological Science
General subdivision Undergraduate Thesis.
700 ## - ADDED ENTRY--PERSONAL NAME
9 (RLIN) 19140
Personal name Dullin, Adelaine Marie V.
700 ## - ADDED ENTRY--PERSONAL NAME
9 (RLIN) 19141
Personal name Dumaguit, Lowella G.
700 ## - ADDED ENTRY--PERSONAL NAME
9 (RLIN) 19142
Personal name Yting, Daylyn G.
942 ## - ADDED ENTRY ELEMENTS (KOHA)
Source of classification or shelving scheme Dewey Decimal Classification
Koha item type Undergraduate Thesis
Holdings
Withdrawn status Lost status Source of classification or shelving scheme Damaged status Not for loan Home library Current library Date acquired Total Checkouts Full call number Barcode Date last seen Price effective from Koha item type
    Dewey Decimal Classification     UM Digos College - LIC UM Digos College - LIC 11/07/2016   UT 0721 D88 2016 UT0721 03/08/2017 03/08/2017 Undergraduate Thesis